00646nam a2200229 a 4500001001300000003000900013005001700022008004100039020001000080082001700090100001300107245002500120260004000145300000900185500003500194650002700229700001300256902000800269942000700277952011700284999001500401nice12345678IN_TiNIC20260116011824.0070730s0000 chea grp 000 0 ara  ac10000a297.293bTIS aTisdal,  aKitab Yanabiul Islam aChennai bLilly Soosai Opset c0000 a245p aincludes index and biblioraphy aIslam-Apologetic Works1 aTisdal,  bSRS cBK 001040708StackRoom-aHMIbHMId2007-07-30g100.00l0o297.293 TISp08981r2007-07-30v100.00w2007-07-30yBK c4217d4217